| 000 | 00473nam a2200193Ia 4500 | ||
|---|---|---|---|
| 008 | 151121s9999||||xx |||||||||||||| ||und|| | ||
| 082 | _a823/LOR | ||
| 082 | _bHNW-29566 | ||
| 100 | _aLorraine Michelle | ||
| 245 | _aCastile in the sea | ||
| 260 | _b"The harvill press, London" | ||
| 260 | _c-- | ||
| 300 | _a196 | ||
| 600 | _aLorraine Michelle | ||
| 630 | _aCastile in the sea | ||
| 700 | _aLorraine Michelle | ||
| 730 | _aCastile in the sea | ||
| 942 | _cBOOK | ||
| 999 |
_c1224564 _d1224561 |
||